LEGO Marvel Super Heroes: Guardians of the Galaxy by Picture - Statistics

General Stats
  • This quiz has been taken 55 times
  • The average score is 11 of 11
Answer Stats
Picture Answer % Correct
Baby Groot
100%
Gamora
100%
Groot
100%
Rocket Raccoon
100%
Star-Lord
100%
Drax the Destroyer
98%
Mantis
98%
Nebula
98%
Thor
98%
Yondu Udonta
90%
Adam Warlock
88%
No matching quizzes found
Score Distribution
Percent of People with Each Score
Percentile by Number Answered
Your Score History
You have not taken this quiz